[Event "PK Jeugd 2020 B"]
[Site "Eindhoven, Netherlands"]
[Date "????.??.??"]
[Round "7.8"]
[White "Hooijmans, Merijn Thijmen"]
[Black "Shadrin, Mitia"]
[Result "0-1"]
[WhiteElo "1267"]
[BlackElo "1730"]

1. d4 {[%clk 00:55:17]} {[%emt 00:00:03]} Nf6 {[%clk 00:55:16]} {[%emt
00:00:04]} 2. Bf4 {[%clk 00:54:59]} {[%emt 00:00:28]} g6 {[%clk 00:55:10]}
{[%emt 00:00:15]} 3. Nf3 {[%clk 00:54:52]} {[%emt 00:00:18]} Bg7 {[%clk
00:55:15]} {[%emt 00:00:05]} 4. e3 {[%clk 00:54:33]} {[%emt 00:00:28]} O-O
{[%clk 00:55:19]} {[%emt 00:00:07]} 5. Bd3 {[%clk 00:54:22]} {[%emt 00:00:21]}
d6 {[%clk 00:54:59]} {[%emt 00:00:30]} 6. h3 {[%clk 00:53:41]} {[%emt
00:00:51]} Nc6 {[%clk 00:54:41]} {[%emt 00:00:28]} 7. O-O {[%clk 00:53:25]}
{[%emt 00:00:26]} Re8 {[%clk 00:54:46]} {[%emt 00:00:05]} 8. Bb5 {[%clk
00:52:26]} {[%emt 00:01:10]} Bd7 {[%clk 00:53:47]} {[%emt 00:01:08]} 9. Bxc6
{[%clk 00:52:25]} {[%emt 00:00:11]} Bxc6 {[%clk 00:53:47]} {[%emt 00:00:10]} 10.
Nc3 {[%clk 00:52:25]} {[%emt 00:00:09]} Nd5 {[%clk 00:52:40]} {[%emt 00:01:18]}
11. Nxd5 {[%clk 00:52:15]} {[%emt 00:00:19]} Bxd5 {[%clk 00:52:46]} {[%emt
00:00:05]} 12. Ng5 {[%clk 00:52:07]} {[%emt 00:00:18]} e5 {[%clk 00:52:27]}
{[%emt 00:00:28]} 13. e4 {[%clk 00:51:35]} {[%emt 00:00:42]} exf4 {[%clk
00:52:28]} {[%emt 00:00:10]} 14. exd5 {[%clk 00:50:00]} {[%emt 00:01:45]} Qxg5
{[%clk 00:52:32]} {[%emt 00:00:06]} 15. c3 {[%clk 00:48:50]} {[%emt 00:01:20]}
Qxd5 {[%clk 00:52:28]} {[%emt 00:00:14]} 16. Qa4 {[%clk 00:48:47]} {[%emt
00:00:13]} f3 {[%clk 00:52:27]} {[%emt 00:00:10]} 17. Rfe1 {[%clk 00:47:32]}
{[%emt 00:01:24]} Rxe1+ {[%clk 00:51:35]} {[%emt 00:01:03]} 18. Rxe1 {[%clk
00:47:29]} {[%emt 00:00:13]} Qg5 {[%clk 00:51:02]} {[%emt 00:00:41]} 19. Re8+
{[%clk 00:47:27]} {[%emt 00:00:16]} Rxe8 {[%clk 00:51:00]} {[%emt 00:00:11]} 20.
Qxe8+ {[%clk 00:47:33]} {[%emt 00:00:04]} Bf8 {[%clk 00:51:03]} {[%emt
00:00:07]} 21. g3 {[%clk 00:46:54]} {[%emt 00:00:49]} Qc1+ {[%clk 00:51:08]}
{[%emt 00:00:05]} 22. Kh2 {[%clk 00:46:47]} {[%emt 00:00:17]} Qf1 {[%clk
00:51:13]} {[%emt 00:00:05]} 0-1

[Event "PK Jeugd 2020 B"]
[Site "Eindhoven, Netherlands"]
[Date "????.??.??"]
[Round "7.9"]
[White "Ubbink, Anouk"]
[Black "van Wijk, Justin"]
[Result "1-0"]
[WhiteElo "1195"]
[BlackElo "1178"]

1. e4 {[%clk 00:55:19]} {[%emt 00:00:01]} e5 {[%clk 00:55:14]} {[%emt
00:00:06]} 2. Nf3 {[%clk 00:55:27]} {[%emt 00:00:02]} Nc6 {[%clk 00:55:16]}
{[%emt 00:00:08]} 3. d4 {[%clk 00:55:34]} {[%emt 00:00:03]} exd4 {[%clk
00:55:10]} {[%emt 00:00:16]} 4. Bc4 {[%clk 00:55:42]} {[%emt 00:00:03]} Bc5
{[%clk 00:55:11]} {[%emt 00:00:09]} 5. c3 {[%clk 00:55:48]} {[%emt 00:00:03]}
dxc3 {[%clk 00:55:00]} {[%emt 00:00:20]} 6. Nxc3 {[%clk 00:55:55]} {[%emt
00:00:04]} d6 {[%clk 00:54:02]} {[%emt 00:01:08]} 7. O-O {[%clk 00:55:57]}
{[%emt 00:00:08]} Nf6 {[%clk 00:53:53]} {[%emt 00:00:19]} 8. Bg5 {[%clk
00:55:56]} {[%emt 00:00:11]} Bg4 {[%clk 00:53:51]} {[%emt 00:00:12]} 9. h3
{[%clk 00:55:45]} {[%emt 00:00:21]} h6 {[%clk 00:53:16]} {[%emt 00:00:45]} 10.
Bxf6 {[%clk 00:55:36]} {[%emt 00:00:18]} Bxf3 {[%clk 00:53:04]} {[%emt
00:00:23]} 11. Qxf3 {[%clk 00:55:39]} {[%emt 00:00:07]} Qxf6 {[%clk 00:53:04]}
{[%emt 00:00:11]} 12. Qxf6 {[%clk 00:55:23]} {[%emt 00:00:26]} gxf6 {[%clk
00:53:07]} {[%emt 00:00:06]} 13. Nd5 {[%clk 00:55:28]} {[%emt 00:00:05]} O-O-O
{[%clk 00:52:49]} {[%emt 00:00:28]} 14. Nxf6 {[%clk 00:54:56]} {[%emt
00:00:42]} Ne5 {[%clk 00:52:45]} {[%emt 00:00:13]} 15. Be2 {[%clk 00:51:27]}
{[%emt 00:03:39]} Nd7 {[%clk 00:52:35]} {[%emt 00:00:20]} 16. Nd5 {[%clk
00:50:47]} {[%emt 00:00:50]} Rde8 {[%clk 00:51:51]} {[%emt 00:00:54]} 17. Bd3
{[%clk 00:48:41]} {[%emt 00:02:18]} c6 {[%clk 00:51:37]} {[%emt 00:00:23]} 18.
Nc3 {[%clk 00:48:13]} {[%emt 00:00:39]} Rhg8 {[%clk 00:49:51]} {[%emt
00:01:56]} 19. Kh1 {[%clk 00:46:15]} {[%emt 00:02:07]} Ne5 {[%clk 00:49:17]}
{[%emt 00:00:43]} 20. Rad1 {[%clk 00:45:30]} {[%emt 00:00:56]} Kc7 {[%clk
00:48:13]} {[%emt 00:01:14]} 21. f4 {[%clk 00:44:46]} {[%emt 00:00:54]} Nxd3
{[%clk 00:47:54]} {[%emt 00:00:29]} 22. Rxd3 {[%clk 00:44:47]} {[%emt
00:00:08]} Bb4 {[%clk 00:47:35]} {[%emt 00:00:29]} 23. Re1 {[%clk 00:43:56]}
{[%emt 00:01:01]} f6 {[%clk 00:47:03]} {[%emt 00:00:42]} 24. a3 {[%clk
00:43:55]} {[%emt 00:00:12]} Bc5 {[%clk 00:46:30]} {[%emt 00:00:43]} 25. Rc1
{[%clk 00:43:12]} {[%emt 00:00:53]} Rg7 {[%clk 00:45:37]} {[%emt 00:01:03]} 26.
b4 {[%clk 00:43:08]} {[%emt 00:00:14]} Bf2 {[%clk 00:45:33]} {[%emt 00:00:13]}
27. Nd5+ {[%clk 00:43:09]} {[%emt 00:00:10]} Kc8 {[%clk 00:44:36]} {[%emt
00:01:03]} 28. Nxf6 {[%clk 00:43:08]} {[%emt 00:00:14]} Rd8 {[%clk 00:43:39]}
{[%emt 00:01:07]} 29. Rc2 {[%clk 00:42:04]} {[%emt 00:01:15]} Bh4 {[%clk
00:42:47]} {[%emt 00:01:02]} 30. Nh5 {[%clk 00:42:02]} {[%emt 00:00:12]} Rf7
{[%clk 00:42:13]} {[%emt 00:00:44]} 31. f5 {[%clk 00:41:40]} {[%emt 00:00:32]}
Kc7 {[%clk 00:41:32]} {[%emt 00:00:51]} 32. Nf4 {[%clk 00:41:34]} {[%emt
00:00:16]} Rdd7 {[%clk 00:40:28]} {[%emt 00:01:13]} 33. Kg1 {[%clk 00:39:43]}
{[%emt 00:02:02]} Bf6 {[%clk 00:39:22]} {[%emt 00:01:16]} 34. g4 {[%clk
00:39:20]} {[%emt 00:00:32]} Be5 {[%clk 00:39:09]} {[%emt 00:00:24]} 35. Ne6+
{[%clk 00:38:58]} {[%emt 00:00:32]} Kc8 {[%clk 00:38:50]} {[%emt 00:00:29]} 36.
h4 {[%clk 00:38:44]} {[%emt 00:00:23]} Bf6 {[%clk 00:37:18]} {[%emt 00:01:40]}
37. g5 {[%clk 00:38:29]} {[%emt 00:00:28]} hxg5 {[%clk 00:36:38]} {[%emt
00:00:50]} 38. hxg5 {[%clk 00:38:31]} {[%emt 00:00:08]} Bxg5 {[%clk 00:36:28]}
{[%emt 00:00:19]} 39. Nxg5 {[%clk 00:38:35]} {[%emt 00:00:07]} Rg7 {[%clk
00:36:32]} {[%emt 00:00:06]} 40. Rg2 {[%clk 00:38:40]} {[%emt 00:00:04]} d5
{[%clk 00:36:22]} {[%emt 00:00:20]} 41. exd5 {[%clk 00:38:24]} {[%emt
00:00:26]} cxd5 {[%clk 00:36:13]} {[%emt 00:00:19]} 42. Kf2 {[%clk 00:37:35]}
{[%emt 00:01:00]} Rge7 {[%clk 00:35:39]} {[%emt 00:00:44]} 43. Ne6 {[%clk
00:37:18]} {[%emt 00:00:26]} Rf7 {[%clk 00:35:18]} {[%emt 00:00:31]} 44. Rg8+
{[%clk 00:37:18]} {[%emt 00:00:10]} 1-0